[Event "Donner Memorial"]
[Site "Amsterdam"]
[Date "1996.08.29"]
[Round "11"]
[White "Granda Zuniga, Julio E"]
[Black "Van Wely, Loek"]
[Result "1-0"]
[WhiteElo "2610"]
[BlackElo "2605"]
[Annotator "Gutman,L"]
[PlyCount "131"]
[EventDate "1996.08.17"]
[EventType "tourn"]
[EventRounds "11"]
[EventCountry "NED"]
[EventCategory "16"]
[SourceTitle "CBM 055"]
[Source "ChessBase"]
[SourceDate "1996.12.01"]
[SourceVersion "1"]
[SourceVersionDate "1996.12.01"]
[SourceQuality "1"]

1. d4 {Gelfand Seirawan Petursson Psakhis Hazai} Nf6 2. c4 g6 3. Nc3 Bg7 4. e4
d6 5. Nf3 O-O 6. Be2 e5 7. O-O Nc6 8. d5 Ne7 9. b4 Nh5 {Eine theoretisches
Duell. Van Wely spielte diese Variante schon mehrfach mit Erfolg als Weißer...+
} 10. Re1 a5 $5 {Wird damit das von Weiß gewünchte Druckspiel mit c4-c5 und
Nd2-c4 verhindert?} 11. Ba3 $6 {In Karpov-Kamsky (07) Fide-Wch (Elista)/1996/
folgte in ähnlicher Stellung 11.bxa5!? Rxa5 12.Nd2. Der Textzug war
wahrscheinlich eine Überraschung für Kamskys Sekundanten Van Wely.} (11. bxa5
$5 {Psakhis} Rxa5 12. Nd2 Nf4 13. Bf1 c5 14. Rb1 f5 (14... Ra6 15. Rb3 h6 16.
g3 Nh5 17. Be2 Nf6 18. Nf3 $14 {Tukmakov,V-Christensen,To/Copenhagen op/1996/1:
0/33/}) 15. g3 Nh5 16. exf5 Nxf5 17. Nde4 $14 {Lobron,E-Polgar,J/Dortmund/1996/
0:1/53/}) 11... axb4 $6 (11... Nf4 $5 12. Bf1 Bg4 (12... f5 13. h3 (13. g3 fxe4
14. Nxe4 Nh3+ 15. Bxh3 Bxh3 16. Nfg5 Bd7 17. c5 Nf5 18. cxd6 cxd6 {Schwarz hat
ausreichendes Gegenspiel (Gelfand).}) 13... axb4 14. Bxb4 $14) 13. h3 (13. Re3
$5 {Psakhis} f5 $1 14. h3 Bxf3 15. Rxf3 c6 $1 {Gutman}) 13... Bxf3 14. Qxf3
axb4 15. Bxb4 c5 $1 16. dxc6 Nxc6 17. a3 (17. Rab1 Ne6 18. a4 Nxb4 19. Rxb4 Nc5
{Gelfand}) 17... Ne6 18. Nb5 Ned4 19. Qd3 Nxb4 20. axb4 Qb6 21. Nxd4 exd4 22.
Qd2 Ra7 23. Rec1 Rfa8 $10) 12. Bxb4 Nf4 13. Bf1 Bg4 (13... b6 14. a4 f5 15. h3
h6 16. a5 bxa5 17. Bxa5 fxe4 18. Nxe4 Bf5 19. Nfd2 Qd7 20. Bb4 g5 21. Re3 Bg6
22. Rxa8 $1 Rxa8 23. Ra3 $14) 14. Re3 $5 {Hazai: White is fighting against the
positional threat of Black: taking on f3 and playing c5. Now the pressure on
d6 is still valid. Der Schlüsselzug,14. ...Bxf3 wird nun mit 15.Rxf3
beantwortet; durch den Druck auf die D-Linie Weiß verhindert c7-c5.Keine
Probleme für Schwarz stellte dagegen das schablonchafte 14.a4 Bxf3( auch 14. ..
.c5!?15.dxc6 Nxc6 16.Bxd6 Bxf3 verspricht laut J. Seirawan guten Spiel für den
Bauern) 15.Qxf3 c5 16.dxc6 Nxc6.} (14. h3 {Hazai} Bxf3 15. Qxf3 c5 $1 16. dxc6
Nxc6 $10 {Kramnik-Gelfand, Dortmund 1996} (16... Nxc6 {Psakhis} 17. a3 Ne6 $10
{Kramnik,V-Gelfand,B/Dortmund/1996/0,5/24/})) (14. c5 $5 {Psakhis}) 14... b6 {
Schwarz spielt am Damenflügel. Das ist der falsche Flügel, denn dort hat Weiß
Vorteil.} (14... f5 $6 {Hazai} 15. h3 {[%cal Rb3b7,Rb3g8,Rf3g5]} (15. Qb3 {
[%cal Rb3b7,Rb3g8,Rf3g5]}) 15... Bh5 16. Qb3 (16. g3 {Gutman} Bxf3 (16... fxe4
17. Nxe4 Nf5 18. g4 $1 Nxe3 19. fxe3 $16) 17. Rxf3 Nh5 18. Rd3 $1 Nf6 19. Bg2
b6 20. a4 $14) 16... fxe4 17. Nxe4 Bxf3 (17... Nf5 18. g4 Nxe3 19. Qxe3 $18)
18. Rxf3 Nf5 19. Bc3 b6 20. g3 $16) (14... Bxf3 {Hazai} 15. Rxf3 c5 {The
activization of the awkward N on e7 comes into consideration even with a pawn
sacrifice. Otherwise 13...Bg4 cannot be  justified.} 16. dxc6 Nxc6 17. Bxd6 (
17. Qxd6 Nd4 18. Rg3 Re8 $44 {Black has a total control over the dark squares,
the white pawn  structure on the queenside has also some weaknesses and the R 
on g3 is out of play.}) 17... Nd4 18. Bxf8 (18. Rxf4 Qxd6) 18... Nxf3+ 19. Qxf3
Qxf8 {and Black has reasonable chances of surviving due to the opposite
coloured bishops, and the weak white pawns on the queenside.}) 15. h3 (15. a4 {
Hazai  is worthy of attention. White prepares a hiding place for his B ona3 in
case of c7-c5.} c5 16. Ba3 (16. dxc6 Nxc6 17. Bxd6 Bxf3 18. Rxf3 Nd4 19. Bxf8
Nxf3+ 20. Qxf3 Qxf8 {is similar to the previous line.}) 16... h6 $1 (16... f5
17. h3 Bh5 18. Qb3 {threatening 19.Nh2} fxe4 19. Nxe4 Bxf3 (19... Nf5 20. g4
Nxe3 21. Qxe3 $16) 20. Rxf3 $14) (16... Bh6 17. h3 Bd7 18. Re1 f5 19. Bc1 fxe4
20. Nxe4 Nf5 21. g3 $16) 17. h3 Bd7 $13 {White has problems with the standard
breakthrough on the queenside.}) 15... Bd7 {After this seemingly logical move
Black has serious problems.} (15... Bxf3 $1 {Hazai} 16. Rxf3 c5 $1 17. dxc6
Nxc6 18. Bxd6 Nd4 19. Bxf8 Nxf3+ 20. Qxf3 Bxf8 $44 {and the bishop on c5 will
be much more dangerous then his colleague on f1.}) 16. a4 f5 (16... Re8 {
Hazai  at least prevents White from the immediate 17.a5 on account of  17...c5.
}) 17. a5 bxa5 18. Bxa5 {Hazai: White came first on the queenside, and the
black N on f4 does not help the attack on the kingside and can always be
attacked by g3, after which there is no good place for the retreat.} Nc8 {
"Dieser passive Zug ist ein schlechtes Zeichnen" Y. Seirawan. In Frage kommt
18. ...h6!?} (18... Ra7 $5 {Psakhis}) 19. Nd2 (19. g3 {Psakhis} fxe4 20. Nxe4
Nxh3+ (20... Bxh3 21. Ra2 (21. gxf4 exf4 22. Rea3 Bxf1 23. Qxf1 Bxa1 24. Qxa1
$36)) 21. Kh2 Bh6 $13) 19... Kh8 (19... Bh6 $5 {Psakhis}) 20. Nb3 {Weis
bereitet c4-c5.} (20. g3 {Psakhis} Nh5 (20... Bh6 21. gxf4 Bxf4 22. Rd3) 21.
exf5 Bh6 (21... Bxf5 22. g4 Bh6 23. Rf3) 22. Re1 gxf5 $5 (22... Bxf5 23. Nde4
$36) 23. c5 $132) 20... fxe4 {Black gives up the e4 square in the centre
hoping for some piece  play. However the standard plans for the kingside
attack with f4  are out of question here.} (20... g5 {Hazai} 21. c5) 21. Nxe4
Bf5 22. Nbd2 {[%csl Ge4] Overprotecting the key square ob e4.} Ra7 23. Nc3 {
Genauer war 23.Qb3!? um 23. ...Qd7 mit 24.Nc3 zu beantworten,mit Druckspiel
für Weiß.  This is a nice regrouping of the knights, and Nb5 will be a threat.}
Bd7 24. Nde4 {Weiß verstärkt die Kontrolle in Zentrum und bereitet noch wie
immer c4-c5.} Ne7 {heading for d4, which is the only possible plan, but h3
will come, because the pawn on h3 is not attacked twice.} 25. Re1 Nf5 (25...
Qa8 $2 {Psakhis} 26. Bxc7 $1) 26. g3 $5 {Eine mutige Entscheidung. Das von Y.
Seirawan empfohlene 26.c5 versprach Schwarz nach 26. ...dxc5! 27.Nxc5 Nh4
aktives Gegenspiel.} Nh5 27. Bg2 (27. g4 $2 {Hazai} Nd4 (27... Qh4 28. gxf5
gxf5 29. Nd2 Nf4 30. Re3) 28. gxh5 Nf3+ 29. Kg2 (29. Kh1 {Psakhis} Qh4 $1 (
29... Nxe1 30. Qxe1 Qh4 31. Nb5 $1) 30. Bg2 Bxh3 31. Bxf3 Bg4+ $19) 29... Qh4 (
29... Bxh3+ $1 30. Kh1 Qh4 $19)) 27... Nd4 28. c5 {Weiß hat seinen Plan
durchgeführt.} dxc5 29. Nxc5 Bc8 {Dieser Läufersrückzug wurde von Y. Seiravan
kritisiert, aber untersuchen wir die Alternativen:} (29... Qc8 30. Nxd7 Qxd7
31. Bb4 $1 Rxa1 32. Qxa1 Nc2 33. Qb1 Nxe1 34. Bxf8 Nxg2 35. Qb8 h6 36. Kxg2 $16
) (29... Bf5 $5 {Psakhis} 30. Ne2 $1 {Gutman} (30. N5e4 {Psakhis}) 30... Nc2 (
30... Qf6 31. Nxd4 exd4 32. Bb4 Rxa1 33. Qxa1 $16) 31. Ne6 Bxe6 32. Qxc2 $16)
30. N5e4 {Threatening d5-d6} Qd7 (30... Qe7 {Psakhis} 31. Bb4 Rxa1 32. Bxe7
Rxd1 33. Rxd1 Rf7 34. Bc5 $16) 31. Ra3 $5 {preparing for 32.Bb4} Nf6 32. Bb4
Rxa3 33. Bxa3 Rd8 {Nach} (33... Nxe4 $5 {Psakhis} 34. Nxe4 Rd8 35. Qc1 {Gutman}
h6 36. g4 $1 {hätte Schwarz weniger Gegenspiel.}) 34. Nc5 (34. Nxf6 $5 {
Kommt stark in Frage.} Bxf6 35. Ne4) 34... Qd6 (34... Qf5 {Psakhis} 35. Nd3 e4
36. Nf4) 35. Bb4 (35. Qa4 $5 {Psakhis} Bd7 36. Nxd7 Qxd7 37. Qxd7 Nxd7 38. Rb1)
35... Qb6 36. Nd3 {[%csl Re5][%cal Rd3e5]} Bf5 $2 {Notwendig war 36. ...Nd7
mit Verteidigungsresoursen.} (36... Nd7 $1 {Psakhis}) 37. Be7 (37. Na4 $5 {
Psakhis}) (37. Bc5 $5 {Psakhis}) 37... Ra8 (37... Re8 {Psakhis} 38. Rxe5 $5 Nd7
$140 39. Bc5 Nxe5 40. Bxb6 Nxd3 41. Qa4 $1 $16) 38. Nxe5 (38. d6 $5 {Psakhis})
38... Nc2 {[#]} 39. d6 Ra1 {Nach 39. ...Nxe1 gibt Y. Seirawan 40.Nd5!! Nxd5 41.
Qxd5 Nf3+ 42.Bxf3 Ra1+ 43.Kg2 mit weißem Vorteil an.} (39... Nxe1 {Psakhis} 40.
Bxa8 Qa5 41. Qxe1 (41. Nf7+ Kg8 42. Bxf6 Qxa8 (42... Bxf6 43. Nh6+ Kg7 44.
Nxf5+ gxf5 $16) 43. Qxe1 Bxh3 44. Nd5 $1 $18) 41... Qxa8 42. g4 $1 (42. dxc7
Bxh3) 42... Be6 43. dxc7 $18) 40. Qxa1 Nxa1 41. Rxa1 h5 42. Bxf6 Bxf6 43. Nd5
Qb2 44. Ra8+ Kg7 45. Nxf6 Qxe5 (45... Kxf6 {Psakhis} 46. d7 Bxd7 47. Nxd7+ Ke7
48. Nb8 $1 $18) 46. Ne8+ (46. d7 {Psakhis} Qe1+ 47. Kh2 Bxd7 48. Nxd7 Qxf2 49.
Ra4 $5 $16) 46... Kh6 47. dxc7 {Weiß steht auf Gewinn.} Qe1+ (47... Qc5 {
Psakhis} 48. h4 $5 $18) 48. Kh2 Qxf2 49. Nd6 Be6 50. c8=Q (50. Rh8+ $5 {Psakhis
} Kg7 51. Re8 $1 Bd5 52. Re4 $1 Bxe4 53. Nxe4 Qc2 54. Nd6 $1 $18) 50... Bxc8
51. Rxc8 g5 (51... h4 $2 {Psakhis} 52. Rh8+) (51... Qb6 {Psakhis} 52. Rc6 {
[%cal Rc6g6]}) 52. Ne4 Qb6 53. Rh8+ Kg6 54. Rg8+ Kh6 55. Rxg5 h4 56. gxh4 Qc7+
57. Ng3 Qf4 58. Rg4 Qe5 59. h5 Kh7 60. h4 Kh8 61. Kh3 Qe6 62. Be4 Qc8 63. Bf5
Qc1 64. Rg6 Qe3 65. h6 Qc3 66. h7 1-0

[Event "Koop Tjuchem"]
[Site "Groningen"]
[Date "1996.??.??"]
[Round "4"]
[White "Sokolov, Ivan"]
[Black "Gelfand, Boris"]
[Result "1/2-1/2"]
[WhiteElo "2670"]
[BlackElo "2665"]
[Annotator "Gelfand,B"]
[PlyCount "87"]
[EventDate "1996.12.20"]
[EventType "tourn"]
[EventRounds "11"]
[EventCountry "NED"]
[EventCategory "16"]
[SourceTitle "CBM 057"]
[Source "ChessBase"]
[SourceDate "1997.04.01"]
[SourceVersion "1"]
[SourceVersionDate "1997.04.01"]
[SourceQuality "1"]

1. d4 Nf6 2. c4 g6 3. Nc3 Bg7 4. e4 d6 5. Nf3 O-O 6. Be2 e5 7. O-O Nc6 8. d5
Ne7 9. b4 a5 10. Ba3 axb4 11. Bxb4 Nd7 12. a4 Bh6 13. Nd2 f5 14. Nb3 (14. Bf3
b6 $5 $146 15. a5 Nc5 16. axb6 Rxa1 17. Qxa1 cxb6 (17... Bxd2 18. bxc7 Qd7 19.
Bxc5 dxc5 (19... Bxc3 20. Qxc3 dxc5 21. Qxe5 $44) 20. Nb5 $13) 18. Qa2 $14 {
Gelfand,B-Schebler,G,BL,96}) 14... b6 $1 $146 {V.Kramnik} (14... Nf6) 15. a5
Nc5 16. exf5 gxf5 (16... Nxf5 17. Nb5 $14) 17. Nb5 Ng6 18. Re1 (18. axb6 Rxa1
19. Qxa1 Nxb3 (19... Nf4 $5) 20. bxc7 Qg5) 18... e4 $1 19. Bf1 (19. N3d4 e3 $1)
19... Ne5 20. Nxc5 (20. axb6 Rxa1 21. Qxa1 Qh4 $17) 20... bxc5 21. Bd2 Bg7 $6 (
21... Bxd2 22. Qxd2 Rf7 23. Ra3 Ba6 $15) 22. Ra3 Rf7 23. Qc1 Qf8 24. Bf4 Ba6 (
24... Ng6 $5) 25. Be2 Kh8 (25... Ng6 26. Bh5) 26. Qc2 Ng6 27. Bd2 Be5 28. Qc1
$6 Re8 $6 (28... f4 $1 29. Bg4 e3 30. fxe3 f3 31. gxf3 Rxf3 $40 (31... Bxb5 32.
cxb5 Rxf3 $40)) 29. Bh5 Qe7 30. f4 $1 exf3 $2 (30... Bf6 $14) 31. Rxf3 Rg7 32.
Bc3 Reg8 (32... Nh4 33. Rg3 $1) 33. Bxg6 Rxg6 34. Rf2 (34. g3 $1 Qg7 35. Rxe5
dxe5 36. Qb2 $18) 34... Qg7 35. Bxe5 (35. Rxe5 $4 Rxg2+ $19) 35... dxe5 36. Qb2
e4 37. Qxg7+ (37. Nxc7 $4 Rxg2+ 38. Rxg2 Qxb2 $19) 37... R8xg7 38. g3 Bc8 39.
Rb1 (39. d6 cxd6 (39... c6 40. Nc7) 40. Ra1 Ba6 41. Rxf5 $16) 39... Ra6 40. Ra1
$2 (40. Nc3 Rxa5 41. Nxe4 Re7 (41... fxe4 42. Rf8+ Rg8 43. Rxg8+ Kxg8 44. Rb8
Ra7 45. Rxc8+ Kf7 46. Kf2 $16) (41... Ra4 42. Nf6 Rf7 43. Rb8 Rf8 44. Re2 $18)
42. Nd2 $16) 40... h5 41. Rf4 Kh7 42. Kf2 Kg6 43. Ke3 Kf6 44. Rh4 (44. Rh4 Kg5
45. Nc3 c6 (45... Ra8 46. Ne2 Ba6 $140 47. Nf4) 46. dxc6 Rxc6 47. Nd5 Be6 $132)
1/2-1/2

[Event "Hoogovens"]
[Site "Wijk aan Zee"]
[Date "1997.01.30"]
[Round "10"]
[White "Sokolov, Ivan"]
[Black "Glek, Igor Vladimirovich"]
[Result "1/2-1/2"]
[WhiteElo "2615"]
[BlackElo "2620"]
[Annotator "Huzman,A"]
[PlyCount "80"]
[EventDate "1997.01.18"]
[EventType "tourn"]
[EventRounds "13"]
[EventCountry "NED"]
[EventCategory "16"]
[SourceTitle "CBM 057"]
[Source "ChessBase"]
[SourceDate "1997.04.01"]
[SourceVersion "1"]
[SourceVersionDate "1997.04.01"]
[SourceQuality "1"]

1. d4 Nf6 2. c4 g6 3. Nc3 Bg7 4. e4 d6 5. Nf3 O-O 6. Be2 e5 7. O-O Nc6 8. d5
Ne7 9. b4 Nh5 10. Re1 Nf4 11. Bf1 a5 12. bxa5 Rxa5 13. a4 (13. Nd2 f5 (13... c5
14. a4 (14. Nb3 Ra6 15. a4 f5 16. g3 Nh5 17. exf5 Nxf5 18. Ne4 Bh6 19. Bxh6
Nxh6 20. Bg2 Nf7 21. Qc1 Nf6 $11 {1/2-1/2 Ivanov,S-Renet,O/EUCup f 1996 (36)})
(14. Rb1 f5 15. f3 Ra6 16. a4 g5 17. Nb5 g4 18. fxg4 fxg4 19. Nb3 Neg6 $132 {
1-0 Tisdall,J-Borge,N/5th Nordic GP, Torshavn FAI 1997 (40)}) 14... Ra6 (14...
h6 15. Nb3 Ra6 16. a5 b6 17. Nb5 f5 18. g3 Nh5 19. Bd2 $16 fxe4 20. axb6 Rxa1
21. Qxa1 Nf5 $13 {0-1 Epishin Vladimir-Pikula Dejan/Biel 1996 (29)}) 15. Nb3 b6
16. a5 bxa5 17. Ra4 Nh5 18. Bd2 f5 19. Qa1 Nf6 20. f3 Bd7 21. Nb5 Nc8 22. Rxa5
Rb6 23. Ra8 fxe4 24. fxe4 Ng4 25. h3 Qh4 26. hxg4 Qf2+ 27. Kh1 {1/2-1/2
Epishin,V-Ye Jiangchuan/Open, Geneva SUI 1997}) 14. a4 Kh8 15. g3 Nh5 16. Nb3
Ra8 17. a5 f4 18. Ra2 Ng8 19. c5 Ngf6 20. cxd6 cxd6 21. Na4 $36 {1-0 Lobron
Eric-Ahn Martin/It (open) (active), Eupen (Belgium) 1996 (37)}) 13... c5 (13...
f5 14. Bxf4 (14. Nd2 $5) 14... exf4 (14... fxe4 15. Bxe5 exf3 16. Bxg7 Kxg7 17.
g3 $14) 15. e5 dxe5 16. Nxe5 Qd6 17. Qe2 c6 $132) 14. Rb1 h6 15. Nd2 Ra6 16.
Nb3 g5 17. a5 f5 18. g3 Nfg6 19. exf5 Nxf5 20. Bd3 e4 $5 {Looking for active
counterplay the black sacrifice a pawn,increasing greatly activity of their
pieces.} (20... b6 21. axb6 Rxb6 22. Bd2 $14) 21. Nxe4 Ne5 22. f4 (22. Be2 Nd4
23. Nxd4 cxd4 $44) (22. Bb2 Nd4 (22... Nh4 23. gxh4 Bg4 (23... Nf3+ 24. Kh1 g4
25. Be2 $16) 24. Be2 Nf3+ 25. Kh1 $16) 23. Nxd4 cxd4 24. Be2 Bf5 $44) 22...
gxf4 23. Bxf4 (23. gxf4 Nxd3 24. Qxd3 Nd4 $44 {/\25...Bf5}) 23... Nh4 24. Be2
Nhg6 (24... Bf5 25. Bxe5 Bxe4 26. Bxg7 Nf3+ (26... Qg5 27. Bg4 Nf3+ 28. Bxf3
Bxf3 29. Bxf8 Bxd1 30. Be7 $18) 27. Bxf3 Bxf3 28. Bxf8 Bxd1 29. Be7 $18) 25.
Be3 Rf7 (25... Bf5 26. Qc2 (26. Nbd2 Rf7 {-game}) 26... Ng4 27. Bxg4 Bxg4 {
/\28...Ne5->}) 26. Rf1 Bf5 27. Nbd2 (27. Qc2 {/\28.Rf5 Rf529.Nec5} Qd7 $44)
27... Rxa5 28. Rxf5 Rxf5 29. Bg4 Ne7 (29... Rf8 30. Be6+ Kh7 31. Rxb7 $44 Ra3
32. Ng5+ Kh8 33. Qh5 Ne7 (33... Rxe3 $4 34. Qxh6+) 34. Bf4 Qe8 35. Qxe8 Rxe8
36. Nf7+ $18) 30. Rxb7 (30. Bxf5 Nxf5 31. Bf4 Nd3 (31... Qd7 32. Bxe5 Bxe5 33.
Qg4+ Kh8 34. Nf3 $16) (31... Qe7 32. Qh5 Nd4 33. Bxh6 $16) 32. Qg4 $16) 30...
Ra1 (30... Nxg4 31. Qxg4 Qc8 32. Qxg7+ (32. Rd7 $5 {/\} Qxd7 33. Nf6+ Rxf6 34.
Qxd7 Ra1+ 35. Kg2 Nf5 36. Bf4 $14) 32... Kxg7 33. Rxe7+ Kg6 (33... Kf8 34. Nxd6
$16) 34. Re6+ Qxe6 35. dxe6 Re5 36. Bf4 Rxe6 $11 37. Bxd6 Ra1+ 38. Kf2 Ra2 39.
Ke3 Rxd2) 31. Qxa1 Nf3+ 32. Nxf3 Bxa1 33. Bxh6 {/\34.Bg5} Rxf3 34. Bxf3 Nf5 35.
Bf4 Qa8 36. Rd7 Qa2 $132 37. Rd8+ (37. Bxd6 Bd4+ 38. Kh1 Qxc4) (37. Nxd6 Bd4+
38. Kh1 Qf2 $19) (37. h4 Bd4+ 38. Kh1 Qxc4 39. Kg2 {The white have chances to
win.}) 37... Kg7 38. Rd7+ Kg8 39. Rd8+ Kg7 40. Rd7+ Kg8 1/2-1/2

[Event "Monaco m"]
[Site "Monte Carlo"]
[Date "1997.09.13"]
[Round "4"]
[White "Van Wely, Loek"]
[Black "Piket, Jeroen"]
[Result "1-0"]
[WhiteElo "2655"]
[BlackElo "2630"]
[Annotator "Epishin,V"]
[PlyCount "89"]
[EventDate "1997.09.10"]
[EventType "match"]
[EventRounds "8"]
[EventCountry "MNC"]
[SourceTitle "CBM 061"]
[Source "ChessBase"]
[SourceDate "1997.11.23"]
[SourceVersion "1"]
[SourceVersionDate "1997.11.23"]
[SourceQuality "1"]

1. d4 Nf6 2. c4 g6 3. Nc3 Bg7 4. e4 d6 5. Nf3 O-O 6. Be2 e5 7. O-O Nc6 8. d5
Ne7 9. b4 a5 10. Ba3 axb4 11. Bxb4 Nd7 12. a4 Bh6 13. a5 f5 14. Bd3 (14. Nd2
Kh8 15. Bd3 Rf6 (15... Ng8 16. Qc2 Rf7 17. Na4 fxe4 18. Nxe4 Ndf6 19. Nac3 Bf5
20. Ng3 Bxd3 21. Qxd3 Qf8 22. Rab1 Qc8 23. Rb3 Qg4 24. f3 Qd4+ 25. Qxd4 exd4
26. Nd1 Bg7 27. Bd2 c6 28. dxc6 bxc6 29. Nf2 d5 30. Rc1 Bh6 31. Bxh6 Nxh6 32.
cxd5 cxd5 33. Rd3 {1/2-1/2 Pelletier,Y-Renet,O/EU-chTM 1997/EXP 57}) 16. Na4
Rf7 17. c5 dxc5 18. Bc3 fxe4 19. Bxe4 Nf5 20. Nc4 Bg7 21. Bxf5 Rxf5 22. d6 Rb8
23. dxc7 Qxc7 24. Qd6 Qxd6 25. Nxd6 Rf8 26. Rfd1 b5 27. axb6 Nxb6 28. Nxc5 Bg4
{Kramnik,V-Topalov,V/Supertorneo Las Palmas 1996/CBM 57/[Kramnik]/1/2-1/2 (80)}
) 14... Rf7 $6 (14... Kh8 15. Qb1 Rf6 16. Na4 Qg8 17. Rd1 c5 18. dxc6 Nxc6 19.
Bc3 fxe4 20. Bxe4 Qxc4 21. a6 Rxa6 22. Bd3 Qg8 23. Bxa6 bxa6 24. Nb6 Nxb6 25.
Qxb6 Qe8 26. Qc7 Bf8 27. Ng5 Qd7 28. Qxd7 Bxd7 29. Rxa6 Rf4 30. Ne6 Bxe6 31.
Rxc6 Bf5 32. Ra1 Kg8 33. Rc7 h6 34. h3 g5 35. Ra8 Bd3 36. Rd7 Bb5 37. Rxd6 {
1-0 Hansen,L-Danielsen,H/Copenhagen op 1994/EXT 94op}) 15. Qb3 g5 16. Rfd1 g4
17. Nd2 b6 18. Nb5 bxa5 19. Qc2 $1 $16 Nc5 20. Bxc5 dxc5 21. Nb3 f4 22. Nxc5
Ng6 23. Ne6 Bxe6 24. dxe6 Rg7 25. g3 Qf6 26. c5 Kh8 27. Bc4 Nf8 (27... Nh4 28.
gxh4 f3 29. Kh1 Qxh4 30. Rg1 Bf4 31. Rg3 Rg5 32. Qd1 $18) 28. Qb3 Bg5 29. c6 $1
h5 30. Rd7 Nxd7 31. cxd7 Rf8 32. Rf1 fxg3 33. hxg3 h4 34. Nxc7 Rh7 35. Qc3 $1
$18 Qh6 36. Kg2 hxg3 37. Qxe5+ Bf6 38. Qxg3 Qg5 39. Ne8 Rh3 40. Qd6 Be7 41.
d8=Q g3 42. Qd4+ Kh7 43. Qxe7+ Qxe7 44. Qd7 Rh2+ 45. Kxg3 1-0

[Event "Hoogovens"]
[Site "Wijk aan Zee"]
[Date "1999.01.19"]
[Round "3"]
[White "Van Wely, Loek"]
[Black "Ivanchuk, Vassily"]
[Result "1/2-1/2"]
[WhiteElo "2636"]
[BlackElo "2714"]
[Annotator "Van Wely/Cifuentes"]
[PlyCount "77"]
[EventDate "1999.01.16"]
[EventType "tourn"]
[EventRounds "13"]
[EventCountry "NED"]
[EventCategory "17"]
[SourceTitle "CBM 069"]
[Source "ChessBase"]
[SourceDate "1999.04.01"]
[SourceVersion "1"]
[SourceVersionDate "1999.04.01"]
[SourceQuality "1"]

1. d4 Nf6 2. Nf3 g6 3. c4 Bg7 4. Nc3 O-O 5. e4 d6 6. Be2 e5 7. O-O Nc6 8. d5
Ne7 9. b4 a5 10. Ba3 Nd7 11. bxa5 Rxa5 12. Bb4 Ra8 13. a4 Bh6 14. a5 (14. Qb3
Kh8 15. a5 f5 16. Bd3 Nf6 17. c5 fxe4 18. cxd6 cxd6 19. Nxe4 Nxe4 20. Bxe4 Ng8
21. Nd2 $1 Nf6 22. Bf3 Bf5 23. Rfe1 $16 {Veingold-Krakops,Tallin (zt) 1998 
-73/679}) 14... f5 15. Bd3 {'N' Huzman.} (15. Nd2 Kh8 (15... Nf6 16. c5 (16.
exf5 gxf5 17. c5 Bxd2 18. Qxd2 f4 19. f3 Rf7 20. cxd6 cxd6 21. Bd3 Rg7 22. Kh1
Kh8 23. Nb5 Ne8 24. Be4 Nf5 25. Bxf5 Bxf5 $15 {0-1 Lukacs,P-Schebler,G/Koszeg
GM 1997 (49)}) 16... Bxd2 17. Qxd2 Nxe4 (17... fxe4 18. Nb5 Nf5 19. Rac1 Rf7
20. Rfe1 dxc5 21. Bxc5 c6 22. Nd6 e3 23. Nxf7 exd2 24. Nxd8 cxd5 $17 {0-1
Ivanisevic,I-Safin,S/Elista 1998/CBM Extra 66 (73)}) 18. Nxe4 fxe4 19. cxd6
cxd6 20. Rfe1 Bf5 21. Ra3 Kg7 22. Bd1 h5 23. h3 Qd7 24. Ba4 b5 25. axb6 Rxa4
26. Rxa4 Qxa4 27. Bxd6 Rf6 28. Bxe5 $18 {1-0 Veingold,A-Rodriguez,R/Mondariz
op 1994 (31)}) 16. Ra2 Nf6 17. c5 Bxd2 18. cxd6 cxd6 19. Rxd2 Nxe4 20. Nxe4
fxe4 21. Qb1 b6 $17 {1/2-1/2 Panno,O-Fiorito,F/ARG-ch 1995/CBM 49 (34)}) 15...
Kh8 (15... Nf6 16. c5 fxe4 17. cxd6 $6 (17. Nxe4 $1 Nxe4 18. Bxe4 Bf5 19. Re1)
17... cxd6 18. Nxe4 Nxe4 19. Bxe4 Rf4 $13 {Van Wely-Shirov,Wijk aan Zee blitz
1998} (19... Bf5 $132)) 16. Nd2 (16. Re1 Nf6 17. c5 fxe4 18. cxd6 cxd6 19. Nxe4
Nxe4 20. Bxe4 Bf5) 16... Ng8 (16... Nf6 17. c5 fxe4 18. cxd6 cxd6 19. Ndxe4
Nxe4 20. Nxe4 Nf5 21. Qb3 $14) 17. Re1 Rf7 18. Nb5 (18. Qc2 $5 Ra6 19. Rad1)
18... Ra6 19. Qc2 Ndf6 20. c5 (20. exf5 gxf5 21. Bxf5 Nxd5 22. Bxc8 Nxb4 23.
Qc3 Qxc8 24. Qxb4 Nf6 $15) (20. f3 fxe4 21. Nxe4 (21. fxe4 Ng4 22. Nf1 Qh4 $40)
(21. Bxe4 Ne7 {[%cal Ye7f5,Yf5d4,Ge7d5,Gf6d5]}) 21... Nxe4 22. Bxe4 Nf6 $132)
20... fxe4 21. Bxe4 Bd7 (21... dxc5 22. Bc3 $1 (22. Bxc5 Nxe4 23. Nxe4 Qxd5 $17
)) 22. Nc3 Bf5 23. Bxf5 gxf5 24. Nc4 Ne7 25. cxd6 (25. Rad1 Rg7 $132 (25... f4
$5 {[%cal Yf4f3]})) 25... cxd6 26. Nb5 Ne8 27. Red1 $6 (27. Nb6 $1 $16 {
Ivanchuk} Rg7 28. Ra3 {'+/=' Huzman.}) 27... f4 (27... Ng6 28. Ra3) 28. Ra3 f3
{'<=>' Huzman.} 29. Rxf3 Rxf3 30. gxf3 Qd7 31. Nbxd6 $1 (31. Nc3 Ng6 $132 {
[%csl Rg1][%cal Yg6f4,Yd7h3,Gh3g2,Gf4g2]}) 31... Nxd6 32. Bxd6 Rxd6 33. Nxd6
Qxd6 34. Qb2 $2 (34. Qb1 $1 Bf4 (34... Qd7 35. Qb6 Bf4 (35... Bg5 36. Qe6 Qxe6
37. dxe6 Nc6 38. Rd7 Kg8 39. f4 $1 $18) 36. Qe6 Qxe6 37. dxe6 $18) 35. Qxb7 (
35. Qb6 Qxb6 36. axb6 Kg7 37. d6 Nc6 38. d7 Bg5 39. Rd6 Nd8) 35... Qg6+ 36. Kf1
Qc2 37. Qb1 $1 $18) (34. Qb3 $5 Qg6+ 35. Kh1 (35. Kf1 Qa6+) 35... Bf4 36. Rg1
$1 Qh6 37. Rg2 Qa6 $1 $132 (37... Bxh2 38. Rxh2 Qc1+ 39. Kg2 Ng6 40. f4 Nxf4+
41. Kf3 $16)) 34... Qg6+ 35. Kf1 (35. Kh1 Qh5 36. Kg2 Bf4 $40) 35... Qf5 36. d6
(36. Qxb7 Qxf3 37. Qb8+ Ng8 38. Qb1 Be3 39. Qc2 Bd4 $36) 36... Qxf3 {'=!'
Huzman.} 37. Qxe5+ (37. Qc2 Nc6 38. d7 Bg5 $17) 37... Bg7 38. dxe7 Qxd1+ 39.
Kg2 1/2-1/2